| 000 | 00615nam a2200205 a 4500 | ||
|---|---|---|---|
| 005 | 20240919064511.0 | ||
| 008 | 991125s1999 es 000 0 spa u | ||
| 020 | _a8441508046 | ||
| 035 | _aUPN01000016889 | ||
| 049 | _aCG | ||
| 050 | 4 |
_aQH541.24 _bY4.3 |
|
| 100 | 1 | _aYebes López, Felipe | |
| 245 | 1 | 0 |
_aEcología y medio ambiente en Internet / _cFelipe Yebes López. |
| 260 |
_aMadrid : _bAnaya Multimedia, _c1999. |
||
| 300 |
_a200 p. : _bil. |
||
| 440 | 0 | _aGuías de navegación | |
| 650 | 4 |
_aECOLOGIA - _xRECURSOS PARA REDES DE COMPUTADORA _911026 |
|
| 650 | 4 |
_aEducación ambiental _94338 |
|
| 905 | _aLibro | ||
| 999 |
_c16889 _d16889 |
||